| 000 | 00901nam a2200217Ia 4500 | ||
|---|---|---|---|
| 999 |
_c36847 _d36847 |
||
| 001 | 2795 | ||
| 003 | GE_BSU | ||
| 005 | 20190506112128.0 | ||
| 008 | 181216s1991||||ge |||||||||||||| ||geo|| | ||
| 040 | _cGE_BSU | ||
| 041 | _ageo | ||
| 080 | _a330.1(072) ე–49 | ||
| 245 |
_aეკონომიკური თეორიის საფუძვლები : ნ. 1 : _bდამხმ. მეთოდ. მასალები / _cრედ.: კ. ი. ღურწკაია |
||
| 264 |
_aთბილისი .: _bსაქ. ტექნ. უნ-ტი , _c1991. |
||
| 300 |
_a173 გვ ; _c20 სმ. |
||
| 541 | _h5 ლ. | ||
| 653 | _aეკონომიკური თეორიის მეთოდური მასალები | ||
| 653 | _aეკონომიკა | ||
| 700 |
_aღურწკაია , ი _eრედაქტორი _9743 |
||
| 942 |
_cBK _2udc |
||